|
|
|
|
| LEADER |
00000naa a2200000uu 4500 |
| 001 |
vtls011064215 |
| 003 |
SK-MaSNL |
| 005 |
20260302140841.0 |
| 008 |
210906|1999 xo |||||||||||||||||eng| |
| 015 |
|
|
|a SNBRA
|
| 035 |
|
|
|a (urnnbn)urn:nbn:sk:snk:ar-a0c56b
|
| 035 |
|
|
|a (uuid)1a87f5bb-9ef2-480b-ab7d-ce482f9a9c10
|
| 035 |
|
|
|a urn:nbn:sk:snk-aavbmq
|
| 040 |
|
|
|a SNKBUCL
|b slo
|c SNKBUCL
|e AACR2
|
| 041 |
0 |
|
|a eng
|
| 044 |
|
|
|a xo
|c SK
|
| 100 |
1 |
|
|a Hofreiter, Milan,
|d 1952-
|4 aut
|9 237711
|
| 245 |
1 |
0 |
|a FAULT DETECTION AND ISOLATION USING MARKOV CHAINS
|c Milan Hofreiter
|
| 773 |
0 |
|
|t "Informatics and algorithms '99"
|d Košice : INFORMATECH, 1999, 1999
|g S. 202-205
|z 8088941059
|
| 958 |
|
|
|a OND
|
| 958 |
|
|
|a article12
|
| 958 |
|
|
|a chapter
|
| 999 |
|
|
|c 1332727
|d 1334657
|